| 000 | 01106nam a22002894a 4500 | ||
|---|---|---|---|
| 001 | PE-BaUNAB | ||
| 005 | 20260216143134.0 | ||
| 006 | a||||gr|||| 001 0 | ||
| 007 | ta | ||
| 008 | t pe gr 00| 0 spa d | ||
| 017 | _a2020-10132 | ||
| 020 | _a9786124530913 | ||
| 040 | _aPE-BaUNAB | ||
| 041 | _aspa | ||
| 043 | _cper | ||
| 082 | _a345.71 | ||
| 100 |
_aMonroy Palacios, Juan José _d1976- _97619 |
||
| 245 | _aTeoría general del proceso | ||
| 250 | _a 4a. ed. | ||
| 260 |
_aLima: _bCommunitas, _c2017. |
||
| 300 |
_a613 p. ; _c21 cm. |
||
| 490 | _aBiblioteca de Derecho Procesal 6 | ||
| 505 | _a1. Origen histórico del proceso, historia del proceso civil, la teoría del proceso y los sistemas procesales, la teoría del proceso, el proceso judicial, la norma procesal, el hecho, el acto y el negocio procesal, la importancia social del proceso y los presupuestos, jurisdicción, el derecho a la tutela jurisdiccional, la función del juez en la historia. | ||
| 650 |
_aPROCEDIMIENTO CIVIL _94946 |
||
| 650 |
_aPROCESO JUDICIAL _97884 |
||
| 942 |
_2ddc _cLIB _e2026-02-16 _zIRQ |
||
| 999 |
_c5856 _d5856 |
||